[Event "XXII Open"]
[Site "Reykjavik ISL"]
[Date "2006.03.06"]
[Round "1"]
[White "Ward,C"]
[Black "Vovk,Ok"]
[Result "0-1"]
[WhiteElo "2475"]
[BlackElo "2164"]

1.d4 Nf6 2.c4 e6 3.Nc3 Bb4 4.Nf3 c5 5.g3 O-O 6.Bg2 Nc6 7.O-O b6 8.d5 Na5
9.Ne5 Bxc3 10.bxc3 Bb7 11.Bg5 d6 12.Ng4 Nxc4 13.dxe6 Bxg2 14.exf7+ Rxf7 15.Bxf6 Qd7
16.Kxg2 Qxg4 17.Qd5 Re8 18.Bd4 Qe4+ 19.Qxe4 Rxe4 20.Be3 Rxe3  0-1

[Event "70th ch-BUL"]
[Site "Svilengrad BUL"]
[Date "2006.03.07"]
[Round "10"]
[White "Petkov,V"]
[Black "Nikolov,M"]
[Result "1-0"]
[WhiteElo "2512"]
[BlackElo "2446"]

1.d4 Nf6 2.c4 e6 3.Nc3 Bb4 4.Nf3 c5 5.g3 cxd4 6.Nxd4 O-O 7.Bg2 d5 8.O-O dxc4
9.Qa4 Na6 10.Rd1 Bd7 11.Qc2 Qb6 12.Bg5 Be7 13.Ne4 Qc7 14.Nxf6+ Bxf6 15.Bxf6 gxf6
16.Qe4 Rab8 17.Qg4+ Kh8 18.Nf3 Bc6 19.Qh4 Qe7 20.Ne5 Bd5 21.Be4 Bxe4 22.Rd7 fxe5
23.Qxe7 f6  1-0

[Event "U20ch-RUS"]
[Site "Cheboksary RUS"]
[Date "2006.03.11"]
[Round "10"]
[White "Tomashevsky,E"]
[Black "Maletin,P"]
[Result "1-0"]
[WhiteElo "2586"]
[BlackElo "2538"]

1.d4 Nf6 2.c4 e6 3.Nc3 Bb4 4.Nf3 c5 5.g3 cxd4 6.Nxd4 Ne4 7.Qd3 Bxc3+ 8.bxc3 Nc5
9.Qf3 d6 10.Bg2 Nbd7 11.O-O Ne5 12.Qf4 Bd7 13.Nb5 Bxb5 14.cxb5 O-O 15.Rd1 Rc8
16.Be3 Qe7 17.h3 f6 18.c4 Na4 19.Rdc1 Rc7 20.Qd4 Nc5 21.Rd1 Nf7 22.Rd2 Rfc8
23.Rad1 b6 24.f4 f5 25.Rc2 Nd7 26.Qd3 Nc5 27.Bxc5 Rxc5 28.e4 fxe4 29.Qxe4 Qf6
30.Rdd2 h5 31.Re2 d5 32.cxd5 exd5 33.Rxc5 Rxc5 34.Qe7 Qxe7 35.Rxe7 Nd6 36.a4 Rc1+
37.Kf2 d4 38.Bd5+ Kf8 39.Rd7 Nc4 40.Bxc4 Rxc4 41.Rxa7 Kg8 42.Kf3 Rc3+ 43.Ke4 Rxg3
44.h4 d3 45.Rd7 Rh3 46.Rxd3 Rxh4 47.a5 g5 48.axb6 Rxf4+ 49.Kd5 Rf6 50.Kc5 g4
51.b7 Rf8 52.Rd5  1-0

[Event "2nd Bundesliga West 2005-6"]
[Site "Austria AUT"]
[Date "2006.03.17"]
[Round "9"]
[White "Sprotte,N"]
[Black "Gross,Dav GER"]
[Result "0-1"]
[WhiteElo "2273"]
[BlackElo "2467"]

1.d4 Nf6 2.c4 e6 3.Nc3 Bb4 4.Nf3 c5 5.g3 cxd4 6.Nxd4 Ne4 7.Qd3 Bxc3+ 8.bxc3 Nc5
9.Qf3 d6 10.Bg2 O-O 11.O-O e5 12.Nb3 Nba6 13.Ba3 Qc7 14.Qe3 Be6 15.Nxc5 dxc5
16.Bd5 Rae8 17.Rfb1 Bc8 18.Qf3 Qe7 19.Bc1 Kh8 20.h4 f5 21.Qg2 f4 22.Bxb7 f3
23.Bxf3 e4 24.Bh5 g6 25.Bg5 Qe6 26.Bxg6 Qxg6 27.Rd1 Qe6 28.Rd5 Bb7 29.Rdd1 Qxc4
30.Rd7 Rf7 31.Rad1 Bc8 32.Rd8 Rff8 33.Rxe8 Rxe8 34.e3 Qxc3 35.Rd6 Qe1+ 36.Kh2 Nb4
37.g4 Qe2 38.Bf6+ Kg8  0-1

[Event "Pius Brinzeu Mem"]
[Site "Timisoara ROM"]
[Date "2006.03.21"]
[Round "4"]
[White "Bodiroga,P"]
[Black "Olariu,D"]
[Result "1-0"]
[WhiteElo "2423"]
[BlackElo "2217"]

1.d4 Nf6 2.c4 e6 3.Nc3 Bb4 4.Nf3 c5 5.g3 O-O 6.Bg2 d5 7.cxd5 Nxd5 8.Qb3 Nc6
9.a3 Qa5 10.dxc5 Nxc3 11.bxc3 Bxc3+ 12.Bd2 Bxd2+ 13.Nxd2 Qxc5 14.O-O e5 15.e3 Rd8
16.Ne4 Qe7 17.Rab1 Rb8 18.Nc3 Be6 19.Qa4 Rbc8 20.Rfc1 h6 21.h4 Rd7 22.Ne4 Bf5
23.Rb3 Rdc7 24.Rbc3 a6 25.Nc5 Nd8 26.Qa5 Ne6 27.Nxb7 Rxc3 28.Rxc3 Rxc3 29.Qxc3 e4
30.Qb4 Qxb4 31.axb4 Kf8 32.Bf1 Nc7 33.Nc5 Bc8 34.Nxe4 Nd5 35.b5 axb5 36.Bxb5 Ke7
37.Bc4 Nc7 38.f4 Bb7 39.Nc3 Bc6 40.e4 f6 41.Kf2 Kd6 42.Ke3 Kc5 43.Bf7 Kd6
44.Ne2 Ke7 45.Bc4 Ne8 46.Nd4 Bd7 47.Bb5 Nd6 48.Bxd7 Kxd7 49.e5 fxe5 50.fxe5 Nc4+
51.Ke4 Ke7 52.Nf5+ Kf7 53.Kd4 Nd2 54.Kd5 h5 55.e6+ Kf6 56.e7 Kf7 57.Nxg7 Kxe7
58.Nxh5 Kf7 59.Ke5 Nf1 60.Kf5 Nh2 61.Nf4 Nf1 62.Ne2 Kg7 63.Kg5 Nd2 64.Nd4 Ne4+
65.Kf4 Nf2 66.g4 Nd3+  1-0

[Event "Pius Brinzeu Mem"]
[Site "Timisoara ROM"]
[Date "2006.03.23"]
[Round "6"]
[White "Bodiroga,P"]
[Black "Marinescu,Mi"]
[Result "1-0"]
[WhiteElo "2423"]
[BlackElo "2239"]

1.d4 e6 2.c4 Nf6 3.Nc3 Bb4 4.Nf3 O-O 5.Bg5 c5 6.d5 h6 7.Bxf6 Qxf6 8.Rc1 e5
9.Nd2 d6 10.a3 Bxc3 11.Rxc3 Nd7 12.e4 Qg5 13.Rg3 Qe7 14.Bd3 Nf6 15.O-O Nh7
16.b4 b6 17.Qh5 Qf6 18.Rb1 Qf4 19.Qe2 Ng5 20.bxc5 bxc5 21.Bc2 Kh7 22.Ba4 a6
23.Rb6 f5 24.Bc2 Qh4 25.exf5 Bxf5 26.Rg4 Qh5 27.Bxf5+ Rxf5 28.h4 Raf8 29.hxg5 Rxf2
30.Qxf2 Rxf2 31.g6+ Kg8 32.Kxf2 Kf8 33.Rg3 Qh4 34.Rb7 e4 35.Rf7+ Ke8 36.Nf1 h5
37.Ke3 Qh1  1-0

[Event "2nd Bundesliga Mitte 2005-6"]
[Site "Austria AUT"]
[Date "2006.03.25"]
[Round "10"]
[White "Horvath,P1"]
[Black "Lenic,L"]
[Result "0-1"]
[WhiteElo "2459"]
[BlackElo "2458"]

1.d4 Nf6 2.c4 e6 3.Nc3 Bb4 4.Nf3 b6 5.Bg5 h6 6.Bh4 Bb7 7.Nd2 g5 8.Bg3 Nh5
9.Be5 f6 10.e4 fxe5 11.Qxh5+ Ke7 12.d5 Bxc3 13.bxc3 Qe8 14.Qg4 Qf7 15.h4 Qf4
16.Qh5 Na6 17.hxg5 Raf8 18.gxh6 Qxf2+ 19.Kd1 d6 20.g4 Rfg8 21.Be2 Qe3 22.Qh4+ Kd7
23.h7 Rg6 24.Rc1 Nc5 25.Rh3 Qg5 26.Qxg5 Rxg5 27.Kc2 Ke7 28.Rb1 Nd7 29.Kd3 Nf6
30.Rh4 Rg7 31.Ke3 Bc8 32.Rg1 Rhxh7 33.Rxh7 Nxh7 34.Nf1 exd5 35.cxd5 Nf6 36.Nh2 Rh7
37.Rg2 Rh3+ 38.Bf3 Kf7 39.Kf2 Kg6 40.Nf1 Kg5 41.Nh2 Bd7 42.c4 c5 43.Ke3 a6
44.Kf2 b5 45.cxb5 axb5 46.Ke3 b4  0-1

[Event "TCh-AUT 2005-6"]
[Site "Austria AUT"]
[Date "2006.03.25"]
[Round "10"]
[White "Gaertner,G"]
[Black "Kranz,A"]
[Result "1-0"]
[WhiteElo "2352"]
[BlackElo "2182"]

1.d4 Nf6 2.c4 e6 3.Nc3 Bb4 4.Nf3 c5 5.e3 Bxc3+ 6.bxc3 Nc6 7.Bd3 d6 8.O-O e5
9.d5 Ne7 10.e4 h6 11.Ne1 Ng6 12.g3 O-O 13.Ng2 Qd7 14.f3 Qh3 15.Qe2 Nh7 16.Ne3 Bd7
17.Bd2 Rae8 18.Qf2 Ng5 19.Kh1 Bc8 20.a4 Qd7 21.a5 Qd8 22.Bc2 Bh3 23.Rfb1 Bc8
24.Nf5 Qc7 25.Be3 Ne7 26.h4 Nxf5 27.exf5 Nh7 28.g4 f6 29.Kg2 Rf7 30.Kf1 Ref8
31.Ke2 Re8 32.Kd2 Ref8 33.Rh1 Bd7 34.Qh2 Re7 35.Be4 Qc8 36.Rag1 Qd8 37.Ra1 Qc8
38.Qh3 Rff7 39.Rhg1 Rf8 40.Qh2 Ree8 41.Rg2 Re7 42.Bc2 Rfe8 43.Rh1 Kh8 44.Qh3 b6
45.axb6 axb6 46.Ra1 b5 47.Rgg1 Qb7 48.Rgb1 Ra8 49.Rxa8+ Qxa8 50.Qf1 bxc4
51.Qxc4 Bc8 52.Rb6 Rd7 53.Ba4 Rd8 54.Qb3 Ba6 55.c4 Bxc4 56.Qxc4 Qa5+ 57.Ke2 Qxb6
58.Bc6 Rb8 59.Qa4 Nf8 60.Bd2 Kh7 61.g5 hxg5 62.hxg5 fxg5 63.Qg4 Qa6+ 64.Kf2 Rb1
65.Qh3+ Kg8 66.Be8 Qd3 67.Bxg5 e4 68.f6 Rb2+ 69.Kg3 Qxf3+ 70.Kh4 Qxh3+ 71.Kxh3 gxf6
72.Bxf6 Rd2 73.Bc6 Ng6 74.Kg4 Kf7 75.Bg5 Rg2+ 76.Kf5 Ne5 77.Bf4  1-0

[Event "ch-ARG s/f"]
[Site "Buenos Aires ARG"]
[Date "2006.03.25"]
[Round "6"]
[White "Mareco,S"]
[Black "Jimenez,Joa"]
[Result "1/2-1/2"]
[WhiteElo "2289"]
[BlackElo "2218"]

1.Nf3 Nf6 2.c4 e6 3.Nc3 Bb4 4.d4 c5 5.e3 d5 6.Bd3 O-O 7.O-O dxc4 8.Bxc4 cxd4
9.exd4 b6 10.Bg5 Bb7 11.Re1 Nbd7 12.Rc1 Rc8 13.Qb3 Be7 14.Ne5 Nxe5 15.dxe5 Nd5
16.Bxd5 exd5 17.Bxe7 Qxe7 18.Nxd5 Qxe5 19.Rcd1 Bxd5 20.Rxe5 Bxb3 21.axb3 Rc2
22.Re7 Rxb2 23.Rxa7 Rxb3 24.g3  1/2-1/2

[Event "22nd Spring Festival Open"]
[Site "Budapest HUN"]
[Date "2006.03.31"]
[Round "9"]
[White "Kis,B1"]
[Black "Cabanna,D"]
[Result "1/2-1/2"]
[WhiteElo "2199"]
[BlackElo "2125"]

1.d4 Nf6 2.c4 e6 3.Nc3 Bb4 4.Nf3 c5 5.e3 Ne4 6.Qc2 Qa5 7.Bd3 Nxc3 8.bxc3 Bxc3+
9.Bd2 Bxd2+ 10.Nxd2 Nc6 11.O-O cxd4 12.exd4 Nxd4 13.Qb2 Qe5 14.Qa3 f5 15.Rae1 Qf6
16.c5 O-O 17.Nc4 Nb5 18.Qb4 Nc7 19.Qa5 b6 20.cxb6 axb6 21.Qxb6 Nd5 22.Qb3 Qc3
23.Ne5 Ra3 24.Qxc3 Rxc3 25.Rc1 d6 26.Rxc3 Nxc3 27.Nc4 Ba6 28.a3 d5 29.Ne5 Bxd3
30.Nxd3 Ra8 31.Ra1 Kf7 32.f4 Ra4 33.g3 Nb5 34.Rb1 Nxa3 35.Rb7+ Kf8 36.Nc5 Re4  1/2-1/2

[Event "V Open"]
[Site "Dos Hermanas ESP"]
[Date "2006.04.01"]
[Round "3"]
[White "Candela Perez,J"]
[Black "Spraggett,K"]
[Result "0-1"]
[WhiteElo "2410"]
[BlackElo "2581"]

1.d4 Nf6 2.c4 e6 3.Nc3 Bb4 4.Nf3 c5 5.g3 cxd4 6.Nxd4 O-O 7.Bg2 d5 8.cxd5 Nxd5
9.Qb3 Nc6 10.Nxc6 bxc6 11.Bd2 Rb8 12.Qc2 Ba6 13.O-O Bxc3 14.Bxc3 Nxc3 15.bxc3 c5
16.Rab1 Qa5 17.Rxb8 Rxb8 18.Rd1 h6 19.Be4 Bc4 20.Rd2 g5 21.Rd7 Rd8 22.Rxd8+ Qxd8
23.Bd3 Qd5 24.a3 Bb3 25.Qc1 Ba4 26.Qe3 Bc6 27.f3 Kg7 28.Kf2 f5 29.c4 Qd6
30.f4 Kf6 31.Bc2 e5 32.fxe5+ Qxe5 33.Qxe5+ Kxe5 34.e3 Be4 35.Ba4 Bd3 36.Bb5 Be4
37.Ke2 Bb7 38.Be8 Bc8 39.Bc6 a6 40.Kd3 f4 41.gxf4+ gxf4 42.Bd5 Bg4 43.exf4+ Kxf4
44.Kd2 h5 45.Bb7 a5 46.Bd5 h4 47.Bc6 Be6 48.Kd3 Kg4 49.Bg2 Bf7 50.Kc3 Bg6
51.Kd2 Kf4 52.Ke2 Bh5+ 53.Kd3 Bf3 54.Bh3 Be4+ 55.Ke2 Bc6 56.Kf2 Be8 57.Be6 Ke5
58.Bg8 Kd4 59.Kf3 Bh5+ 60.Kf4 Be2 61.Kg5 Bxc4 62.Bh7 Bd3 63.Bg8 c4 64.Kxh4 a4
65.Bxc4 Kxc4 66.Kg4 Kb3  0-1

[Event "Bundesliga 2005-6"]
[Site "Muelheim GER"]
[Date "2006.04.01"]
[Round "14"]
[White "Sargissian,G"]
[Black "Landa,K"]
[Result "1-0"]
[WhiteElo "2603"]
[BlackElo "2597"]

1.d4 Nf6 2.c4 e6 3.Nc3 Bb4 4.Nf3 d5 5.cxd5 exd5 6.Bg5 h6 7.Bh4 g5 8.Bg3 Ne4
9.Nd2 Nxc3 10.bxc3 Bxc3 11.Rc1 Bb2 12.Bxc7 Qe7 13.Bd6 Qe6 14.Rb1 Bc3 15.Ba3 Nc6
16.e3 Bxd4 17.Bb5 Be5 18.O-O Bd6 19.Bxd6 Qxd6 20.Ne4 Qe5 21.Qxd5 Qxd5 22.Nf6+ Kf8
23.Nxd5 Ne7 24.Nc7 Rb8 25.e4 Kg7 26.Rfd1 a6 27.Bf1 Bg4 28.f3 Rhc8 29.Rbc1 Bh5
30.Kf2 Nc6 31.Nd5 f6 32.Ne3 Be8 33.Nf5+ Kg6 34.Bc4 Rd8 35.Bd5 Ne5 36.Ke3 Bc6
37.Ne7+ Kg7 38.Bb3 h5 39.h4 Rxd1 40.Rxd1 gxh4 41.Rd6 Re8 42.Nf5+ Kg6 43.Nxh4+ Kg7
44.Nf5+ Kg6 45.Nd4 Ba4 46.Bd5 Bc6 47.Be6 Rxe6 48.Rxe6 Kf7 49.Kf4 Nc4 50.Rxc6 bxc6
51.Nxc6 a5 52.e5 Ke6 53.exf6 Kxf6 54.Ke4 a4 55.Nd4 Nd6+ 56.Kd5 Nf7 57.g3 Ne5
58.a3 Nd3 59.Kc4 Ne1 60.Kd5 Nd3 61.Kc4 Ne1 62.f4 Ng2 63.Ne2 Kf5 64.Kb4 Kg4
65.Kxa4 Ne3 66.Kb5 Kf3 67.a4 Kxe2 68.a5 Nd5 69.a6 Kf3 70.a7 Kxg3 71.Kc6 Nxf4  1-0

[Event "7th ch-Euro"]
[Site "Kusadasi TUR"]
[Date "2006.04.08"]
[Round "5"]
[White "Williams,Si"]
[Black "Andersson,U"]
[Result "1/2-1/2"]
[WhiteElo "2452"]
[BlackElo "2562"]

1.d4 Nf6 2.c4 e6 3.Nf3 Bb4+ 4.Nc3 c5 5.g3 Nc6 6.Bg2 Ne4 7.Bd2 Nxd2 8.Qxd2 cxd4
9.Nxd4 O-O 10.O-O a6 11.Nb3 Na5 12.Qd4 Nxb3 13.axb3 Qc7 14.Rfd1 Rb8 15.Ne4 b6
16.Nd6 b5 17.Nxc8  1/2-1/2

[Event "7th ch-Euro"]
[Site "Kusadasi TUR"]
[Date "2006.04.10"]
[Round "7"]
[White "Moiseenko,A1"]
[Black "Nyback,T"]
[Result "0-1"]
[WhiteElo "2657"]
[BlackElo "2562"]

1.d4 Nf6 2.c4 e6 3.Nc3 Bb4 4.Nf3 c5 5.g3 Ne4 6.Bd2 Nxd2 7.Qxd2 cxd4 8.Nxd4 a6
9.Bg2 Qc7 10.Rc1 O-O 11.O-O Nc6 12.Rfd1 Rb8 13.a3 Be7 14.b4 Nxd4 15.Qxd4 d6
16.Qf4 Rd8 17.c5 Rd7 18.cxd6 Bxd6 19.Qe3 Qd8 20.Rd3 Bc7 21.Rcd1 Rxd3 22.Rxd3 Qf8
23.Qa7 Qe7 24.b5 f5 25.a4 Kf7 26.e4 f4 27.gxf4 Bxf4 28.Rf3 Qc7 29.e5 g5 30.Ne2 Qxe5
31.Nxf4 gxf4 32.Rd3 axb5 33.axb5 Ke8 34.h4 Bd7 35.Bxb7 Bxb5 36.Rd1 Qg7+ 37.Kh2 Qxb7
38.Qd4 Qe7 39.Qh8+ Qf8 40.Qe5 Rb6 41.Qh5+ Qf7 42.Rd8+ Ke7 43.Qc5+ Kxd8 44.Qxb6+ Qc7
45.Qxb5 e5 46.Qd5+ Ke7 47.Qg2 Kd6 48.Qa8 Ke6 49.Qg8+ Kf5 50.f3 Kf6 51.Qf8+ Ke6
52.Qg8+ Kd6 53.Qb3 Qa7 54.Qd3+ Ke6 55.Qc4+ Kf6 56.Qc6+ Kg7 57.Qc2 Qe7 58.Qf2 Kh6
59.Qe1 Kh5 60.Kh3 Qe6+ 61.Kh2 Qf5 62.Kg2 Qg6+ 63.Kh2 Qf6 64.Kh3 h6 65.Qf2 Qf5+
66.Kh2 e4 67.Qc2 Kxh4 68.fxe4 Qh3+ 69.Kg1 Qg3+ 70.Kf1 Qf3+ 71.Kg1 h5 72.e5 Qe3+
73.Kf1 Qxe5 74.Qh2+ Kg5 75.Qg2+ Kf6 76.Qc6+ Qe6 77.Qc3+ Kg5 78.Qc5+ Qf5 79.Qe7+ Kg4
80.Qe2+ f3 81.Qc4+ Kh3 82.Kf2 Qg4 83.Ke3 Qxc4  0-1

[Event "7th ch-Euro"]
[Site "Kusadasi TUR"]
[Date "2006.04.12"]
[Round "8"]
[White "Mastrovasilis,A"]
[Black "Lutz,C"]
[Result "1/2-1/2"]
[WhiteElo "2508"]
[BlackElo "2609"]

1.d4 Nf6 2.c4 e6 3.Nc3 Bb4 4.Nf3 c5 5.g3 cxd4 6.Nxd4 Ne4 7.Qd3 Bxc3+ 8.bxc3 Nc5
9.Qf3 d6 10.Bg2 O-O 11.O-O Bd7 12.Be3 Nc6 13.Rfd1 Qa5 14.Nc2 Ne5 15.Qf4 Qc7
16.Qd4 Ba4 17.Qxd6 Rac8 18.Bxc5 Qxc5 19.Bxb7 Nxc4 20.Qxc5 Rxc5 21.Rdc1 Nd6
22.Bf3 Nb5 23.c4 Rxc4  1/2-1/2

[Event "Open NOR-ch"]
[Site "Oslo NOR"]
[Date "2006.04.12"]
[Round "5"]
[White "Maes,T"]
[Black "Hammer,J"]
[Result "1/2-1/2"]
[WhiteElo "2179"]
[BlackElo "2287"]

1.d4 Nf6 2.c4 e6 3.Nf3 Bb4+ 4.Nc3 c5 5.g3 cxd4 6.Nxd4 Ne4 7.Qd3 Bxc3+ 8.bxc3 Nc5
9.Qe3 b6 10.Bg2 Bb7 11.O-O Bxg2 12.Kxg2 O-O 13.Rd1 Qc8 14.Nb5 Nb7 15.Ba3 Rd8
16.Rd4 f5 17.Rad1 Nc6 18.Rh4 Re8 19.Qg5 Ne5 20.Qh5 h6 21.Bc1 Nf7 22.Qg6 Ne5
23.Qh5 Nf7 24.Qg6 Ne5  1/2-1/2

[Event "7th ch-Euro"]
[Site "Kusadasi TUR"]
[Date "2006.04.14"]
[Round "10"]
[White "Kuzubov,Y"]
[Black "Gashimov,V"]
[Result "1-0"]
[WhiteElo "2544"]
[BlackElo "2625"]

1.Nf3 Nf6 2.c4 e6 3.Nc3 Bb4 4.d4 c5 5.g3 cxd4 6.Nxd4 Ne4 7.Qd3 Bxc3+ 8.bxc3 Nc5
9.Qf3 d6 10.Bg2 Nbd7 11.O-O O-O 12.Rd1 a6 13.Nb3 Qc7 14.Qf4 e5 15.Qd2 Nxb3
16.axb3 Nc5 17.Qa2 Be6 18.Be3 Rad8 19.Qa3 Rfe8 20.Bd5 h6 21.f3 e4 22.f4 Bg4
23.Rd2 h5 24.Kf2 Bc8 25.Rad1 h4 26.Rg1 hxg3+ 27.Rxg3 Qe7 28.Rd1 Qh4 29.Rg1 Be6
30.h3 b5 31.Kg2 bxc4 32.bxc4 Qh5 33.Qa2 Rb8 34.Kh2 g6 35.Qd2 a5 36.Qe1 Rb2
37.R1g2 Qf5 38.Rg4 Nd7 39.Bd4 Kf8 40.Qh4 Bxd5 41.cxd5 e3 42.Rg5 Qe4 43.R5g3 Rd2
44.Qh6+ Ke7 45.f5 Kd8 46.fxg6 fxg6 47.Rxg6 Qc2 48.Rxd6 Rxe2 49.Rxd7+  1-0

[Event "7th ch-Euro"]
[Site "Kusadasi TUR"]
[Date "2006.04.14"]
[Round "10"]
[White "Kacheishvili,G"]
[Black "Chuchelov,V"]
[Result "0-1"]
[WhiteElo "2599"]
[BlackElo "2534"]

1.d4 Nf6 2.c4 e6 3.Nc3 Bb4 4.Nf3 b6 5.Bg5 Bb7 6.Nd2 h6 7.Bh4 Bxc3 8.bxc3 d6
9.f3 Nbd7 10.Qa4 Qe7 11.e4 g5 12.Bf2 c5 13.Be2 Kd8 14.Nf1 Nh5 15.Ne3 Nf4
16.Bf1 Kc7 17.O-O-O Rad8 18.Qc2 Ng6 19.g3 Qf6 20.Bg2 h5 21.Rhf1 h4 22.Bg1 Qe7
23.Rd2 hxg3 24.hxg3 Qf6 25.Kb1 Qe7 26.Rdd1 Kc8 27.Qd2 Nf6 28.Qc2 Nh5 29.Bf2 Nf6
30.Kb2 Kb8 31.Rh1 Nd7 32.Rdf1 Qf6 33.Ng4 Qg7 34.Rxh8 Nxh8 35.Rd1 Qf8 36.Rh1 Ng6
37.Rh5 f6 38.Ne3 Qf7 39.Rh1 Ne7 40.Bh3 f5 41.exf5 exf5 42.Nxf5 Nxf5 43.Qxf5 Qxc4
44.Bf1 Qa4 45.Rh7 Bc6 46.Qxg5 Kc7 47.Qd2 Bxf3 48.Bh3 Qb5+ 49.Ka3 Qa5+ 50.Kb2 Qb5+
51.Ka3 Bd5 52.Re7 Qa5+ 53.Kb2 Qxa2+ 54.Kc1 Qa1+ 55.Kc2 Bc6 56.Be3 Ba4+ 57.Kd3 Qb1+
58.Ke2 Bb5+ 59.Kf2 Rh8 60.Bh6 Qg6 61.Re6 Qf7+ 62.Kg1 Bc4 63.Re4 Qg6 64.dxc5 bxc5
65.Bf4 Rxh3 66.Rxc4 Qb1+ 67.Qc1 Rxg3+ 68.Kf2 Qxc1 69.Bxc1 Rh3 70.Bf4 Kc6
71.Bg3 Nb6 72.Rg4 a5 73.Ke2 Rh1 74.Rg6 Nc4 75.Kd3 Kb5 76.Rg8 Rd1+ 77.Kc2 Rd2+
78.Kc1 Rg2 79.Rb8+ Kc6 80.Bf4 a4 81.Kb1 a3 82.Ra8 Rb2+ 83.Ka1 Rc2  0-1

[Event "17th Pobeskydi Radegast Cup"]
[Site "Frydek Mistek CZE"]
[Date "2006.04.16"]
[Round "7"]
[White "Krejci,Jan2"]
[Black "Rychlik,H"]
[Result "0-1"]
[WhiteElo "2131"]
[BlackElo "1996"]

1.d4 Nf6 2.c4 e6 3.Nc3 Bb4 4.Nf3 O-O 5.e3 b6 6.Be2 Ne4 7.Qc2 Bxc3+ 8.bxc3 Bb7
9.O-O d6 10.Bd3 f5 11.Nd2 Nxd2 12.Bxd2 Nd7 13.d5 Nc5 14.e4 f4 15.dxe6 Qe8
16.f3 Qxe6 17.Be2 Qe5 18.Be1 Rf6 19.Bf2 Rh6 20.Rfd1 Qh5 21.h3 Re8 22.Qd2 Qg5
23.Kh1 Nxe4 24.fxe4 Rxh3+ 25.Kg1 Bxe4 26.Bf1 Re6 27.Qe1 Qh5 28.gxh3 Rg6+
29.Bg2 Qf3 30.Kf1 Qxg2+ 31.Ke2 Qf3+ 32.Kf1 Rg1+  0-1

[Event "Spring NAm IMC"]
[Site "Schaumburg USA"]
[Date "2006.04.19"]
[Round "3"]
[White "Tsyganov,I"]
[Black "Hess,Ro"]
[Result "0-1"]
[WhiteElo "2281"]
[BlackElo "2354"]

1.d4 Nf6 2.Nf3 e6 3.c4 Bb4+ 4.Nc3 O-O 5.Qc2 d5 6.e3 b6 7.cxd5 exd5 8.Bd3 a6
9.O-O Bb7 10.Ne5 Nbd7 11.f4 c5 12.a3 Bxc3 13.bxc3 Ne4 14.Nxd7 Qxd7 15.dxc5 bxc5
16.c4 Rfe8 17.cxd5 Bxd5 18.Be2 Rab8 19.Bf3 Bb3 20.Qe2 Qa4 21.Bxe4 Qxe4 22.Qf3 Qd3
23.e4 Qxe4 24.Qxe4 Rxe4 25.Bd2 Bd5 26.Rfe1 Rb2 27.Rxe4 Bxe4 28.Rd1 f6 29.Kf2 Ra2
30.Ke3 Bc2 31.Rc1 Rxa3+ 32.Kf2 Ra2 33.g4 Kf7 34.h4 Ke7 35.Kf3 Kd6 36.Be3 Kd5
37.f5 c4  0-1

[Event "Spring NAm IMC"]
[Site "Schaumburg USA"]
[Date "2006.04.20"]
[Round "6"]
[White "Sorkin,I"]
[Black "Tsyganov,I"]
[Result "0-1"]
[WhiteElo "2356"]
[BlackElo "2281"]

1.d4 Nf6 2.c4 e6 3.Nc3 Bb4 4.Nf3 b6 5.g3 Bb7 6.Bg2 O-O 7.O-O Bxc3 8.bxc3 d6
9.d5 e5 10.Nh4 Ba6 11.f4 e4 12.Nf5 Bxc4 13.Ne3 b5 14.g4 c6 15.dxc6 Qb6 16.c7 Na6
17.Kh1 Nxc7 18.g5 Nfd5 19.Nxc4 bxc4 20.Bxe4 Nxc3 21.Bxh7+ Kxh7 22.Qc2+ Kg8
23.Qxc3 Qc6+ 24.Qf3 Qxf3+ 25.Rxf3 Rfe8 26.Rf2 d5 27.Bb2 Ne6 28.Rd1 Rad8 29.h4 Nc5
30.Be5 Ne4 31.Rf3 c3 32.Kg2 c2 33.Rc1 Rc8 34.Rd3 Red8 35.Kf3 Rd7 36.e3 f6
37.Bb2 Kf7 38.Ra3 Rb7  0-1

[Event "XIII TCh-RUS 1st League"]
[Site "Sochi RUS"]
[Date "2006.04.25"]
[Round "6"]
[White "Kazhgaleyev,M"]
[Black "Zontakh,A"]
[Result "1/2-1/2"]
[WhiteElo "2600"]
[BlackElo "2553"]

1.d4 Nf6 2.c4 e6 3.Nc3 Bb4 4.Nf3 b6 5.Bg5 Bb7 6.e3 Bxc3+ 7.bxc3 d6 8.Nd2 Nbd7
9.f3 h6 10.Bh4 O-O 11.Bd3 Qe8 12.O-O e5 13.e4 Nh5 14.Re1 Nf4 15.Bc2 Qe6 16.Ba4 Nf6
17.d5 Qe7 18.Nf1 g5 19.Bf2 N6h5 20.Ne3 Ng7 21.Bc2 Bc8 22.Qb1 Bd7 23.Nf5 Nxf5
24.exf5 Qf6 25.Be3 Kh8 26.g3 Rg8 27.Kh1 Nh3 28.Rf1 Rg7 29.a4 a5 30.Bd3 Rag8
31.Ra2 h5 32.Qc2 h4 33.g4 Nf4 34.Be4 Rc8 35.Rd1 Rgg8 36.Qb3  1/2-1/2

[Event "XIII TCh-RUS 1st League"]
[Site "Sochi RUS"]
[Date "2006.04.26"]
[Round "7"]
[White "Sergienko,S"]
[Black "Tunik,G"]
[Result "1/2-1/2"]
[WhiteElo "2456"]
[BlackElo "2484"]

1.d4 Nf6 2.c4 e6 3.Nc3 Bb4 4.Nf3 b6 5.Bg5 Bb7 6.e3 h6 7.Bh4 Bxc3+ 8.bxc3 d6
9.Nd2 Nbd7 10.f3 O-O 11.Be2 Re8 12.O-O Nf8 13.Qc2 Ng6 14.Bf2 Nd7 15.Bd3 Ndf8
16.Bg3 e5 17.f4 exf4 18.exf4 Nh4 19.d5 c6 20.f5 cxd5 21.cxd5 Bxd5 22.Be4 Bxe4
23.Nxe4 d5 24.Nd6 Re3 25.Qf2 Rxc3 26.Rad1 Qd7 27.Be5 Rc6 28.Qxh4 f6 29.Bf4 Rxd6
30.Bxd6 Qxd6 31.Qd4 Rd8 32.Rfe1 Qd7 33.Qd3 b5 34.Re2 b4 35.Red2 Qe7 36.Qb3 Kh7
37.Rxd5 Rc8 38.h3 Rc3 39.Qb2 Qe4 40.Qf2 Re3 41.R5d4 Qe7 42.Kf1 a5 43.Rd8 Re4
44.Ra8 Qe5 45.Kg1 Nd7 46.Rf1 Re2 47.Qf3 Re1 48.Rxe1 Qxe1+ 49.Kh2 Qe5+ 50.Qg3 Qxf5
51.Ra7 h5 52.h4 Kh6 53.Qc7 g5 54.Qxd7 Qe5+  1/2-1/2

[Event "8th Dubai Open"]
[Site "Dubai UAE"]
[Date "2006.04.28"]
[Round "6"]
[White "Kacheishvili,G"]
[Black "Sargissian,G"]
[Result "1/2-1/2"]
[WhiteElo "2605"]
[BlackElo "2612"]

1.d4 Nf6 2.c4 e6 3.Nc3 Bb4 4.Nf3 c5 5.g3 Nc6 6.Bg2 Ne4 7.Bd2 Bxc3 8.bxc3 O-O
9.O-O Na5 10.dxc5 Qc7 11.Bf4 Qxc5 12.Ne5 Nxc4 13.Qd4 Qxd4 14.cxd4 Nxe5 15.dxe5 f5
16.exf6 Nxf6 17.Bd6 Rf7 18.e4  1/2-1/2

[Event "XXIV Open"]
[Site "Metz FRA"]
[Date "2006.04.28"]
[Round "7"]
[White "Blanchard,A"]
[Black "Guez,F"]
[Result "0-1"]
[WhiteElo "1650"]
[BlackElo "2137"]

1.d4 e6 2.c4 Nf6 3.Nc3 Bb4 4.Nf3 d5 5.e3 O-O 6.Bd3 c5 7.O-O dxc4 8.Bxc4 cxd4
9.exd4 a6 10.a3 Bxc3 11.bxc3 Qc7 12.Qe2 b5 13.Ba2 Bb7 14.Bb2 Nbd7 15.c4 bxc4
16.Rac1 Nb6 17.Ne5 Bd5 18.Bb1 Qb7 19.f3 Rac8 20.Ng4 Nbd7 21.Bc3 Rb8 22.Bb4 Rfc8
23.Bd6 Qb2 24.Qf2 Qxf2+ 25.Rxf2 Rb6 26.Nxf6+ gxf6 27.Bb4 Rbc6 28.Bc2 R6c7
29.Ba4 Nb6 30.Bd1 Rb7 31.Rfc2 Bc6 32.Rd2 Ba4 33.Bxa4 Nxa4 34.Rdc2 c3 35.Kf2 Rc4
36.Ke3 Rd7 37.Bc5 Nxc5 38.dxc5 Rxc5 39.Rxc3 Re5+ 40.Kf4 Rd4+ 41.Kg3 Rd2 42.R1c2 Rg5+
43.Kh3 Rgxg2 44.Rxd2 Rxd2 45.Rc6 a5 46.Rc5 Rd5 47.Rxd5 exd5 48.Kg4 Kf8 49.Kf5 a4  0-1

[Event "8th Dubai Open"]
[Site "Dubai UAE"]
[Date "2006.04.29"]
[Round "7"]
[White "Gelashvili,T"]
[Black "Taleb,M"]
[Result "1/2-1/2"]
[WhiteElo "2576"]
[BlackElo "2452"]

1.d4 Nf6 2.c4 e6 3.Nc3 Bb4 4.Nf3 b6 5.Bg5 Bb7 6.Nd2 Bxc3 7.bxc3 d6 8.f3 Nbd7
9.e4 h6 10.Bh4 c5 11.Bd3 Qc7 12.f4 cxd4 13.cxd4 e5 14.fxe5 dxe5 15.d5 Qd6
16.O-O g5 17.Bf2 Nc5 18.Bc2 Bc8 19.Qf3 Bg4 20.Qc3 Be2 21.Rfe1 Bh5 22.Nb3 Nfd7
23.Rf1 f6 24.Rae1 Bg6 25.Nd2 O-O 26.h4 Kg7 27.Qg3 Rac8 28.Bd1 Rc7 29.Bg4 Rf7
30.Qf3 Nf8 31.Rb1 Nb7 32.h5 Bh7 33.Rb5 Qe7 34.Rb3 Nd6 35.Qe2 Nd7 36.Bxd7 Qxd7
37.Rc1 Qa4 38.Rbc3 Qxa2 39.R3c2 Qa6 40.Qe1 Qc8 41.c5 bxc5 42.Bxc5 Nb7 43.Nb3 Nd6
44.Nd2 Nb7 45.Qe3 Nxc5 46.d6 Rc6 47.Rxc5 Rxc5 48.Rxc5 Qb8 49.Rd5 Rd7 50.Qc5 Bg8
51.Rd3 Qb6 52.Qxb6 axb6 53.Nf1 Bc4 54.Rc3 Bxf1 55.Kxf1 Kf7 56.Rc6 Ke6 57.Rxb6 Rxd6
58.Rb8 Rd4 59.Rb6+ Ke7 60.Rb7+ Kd6 61.Rb6+ Ke7 62.Rb7+ Kf8 63.Rb8+ Kf7 64.Rb7+ Ke6
65.Rb6+ Rd6 66.Rb8 Rd4 67.Rb6+ Ke7 68.Rb7+ Ke6 69.Rb6+ Rd6 70.Rb7 Rd4  1/2-1/2

[Event "May Roses Cup"]
[Site "Bucharest ROM"]
[Date "2006.05.05"]
[Round "1"]
[White "Pedersen,Nic"]
[Black "Burnoiu,N1"]
[Result "1/2-1/2"]
[WhiteElo "2517"]
[BlackElo "2424"]

1.d4 Nf6 2.c4 e6 3.Nc3 Bb4 4.Nf3 b6 5.Bg5 Bb7 6.e3 Bxc3+ 7.bxc3 d6 8.Bd3 Nbd7
9.O-O Qe7 10.Nd2 h6 11.Bh4 g5 12.Bg3 h5 13.h3 O-O-O 14.e4 e5 15.Re1 Rdg8
16.Bh2 Ne8 17.Nf1  1/2-1/2

[Event "President's Cup"]
[Site "Baku AZE"]
[Date "2006.05.08"]
[Round "5"]
[White "Akhmedov,F"]
[Black "Sadvakasov,D"]
[Result "1-0"]
[WhiteElo "2211"]
[BlackElo "2619"]

1.d4 Nf6 2.c4 e6 3.Nc3 Bb4 4.Nf3 c5 5.d5 d6 6.Bd2 O-O 7.e3 Bxc3 8.Bxc3 Ne4
9.dxe6 Bxe6 10.Qc2 Nxc3 11.Qxc3 Qe7 12.Rd1 Nc6 13.Bd3 Bg4 14.Be2 f5 15.h3 Bh5
16.Qd2 Rad8 17.O-O Qf6 18.b3 Bf7 19.Qc1 g5 20.Nh2 b6 21.f4 Be6 22.Qa1 Qxa1
23.Rxa1 gxf4 24.Rxf4 Ne7 25.Rf2 d5 26.cxd5 Rxd5 27.Nf3 Rd6 28.Rd1 Rxd1+ 29.Bxd1 Nd5
30.Re2 Kg7 31.Re1 Nc3 32.Bc2 Nxa2 33.Ra1 Nb4 34.Rxa7+ Kf6 35.Bd1 Rd8 36.Be2 Bxb3
37.Rxh7 Nd5 38.Kf2 Re8 39.g4 fxg4 40.hxg4 Rxe3 41.g5+ Kg6 42.Rd7 Re7 43.Rd6+ Kg7
44.Bd3 Nf4 45.Bb1 b5 46.Nh4 Be6 47.g6 Kf6 48.Rb6 b4 49.Nf5 Re8 50.Nd6 Rf8
51.Ne4+ Ke5 52.g7 Rd8 53.Nxc5 b3 54.Rb4 Bd5 55.Bh7 Nh3+ 56.Ke3 Ng5 57.Bb1 Rg8
58.Rb6 Bf7 59.Nd3+ Kf5 60.Rb5+ Kf6 61.Nf2 Re8+ 62.Kf4 Ne6+ 63.Kg3 Nd4 64.Rb4 Ne2+
65.Kf3 Kxg7 66.Rb7 Nd4+ 67.Kf4 Ne6+ 68.Kg4 Nc5 69.Rc7 Re1 70.Bf5 Ne6 71.Rb7 Rg1+
72.Kh4 Nd4 73.Be4 Rf1 74.Kg3 Ne2+ 75.Kf3 Nc3 76.Bd3 Kf8 77.Rb8+ Ke7 78.Bxf1  1-0